000 04378cgm a2200889Ii 4500
001 on1100234990
003 OCoLC
005 20211116131139.0
007 vd cvaizu
008 121004s2019 nyu098 vlfre d
020 _a9781980039723
020 _a1980039720
028 0 2 _aDV0537
_bFilm Movement
035 _a(OCoLC)1100234990
040 _aRECBC
_beng
_erda
_cRECBC
_dOCLCO
_dFM0
_dOCLCO
_dKSU
_dWACOL
041 _afre
_hfre
046 _k2017
049 _aWACL
050 4 _aPN1997.2
_b.T44 2019
082 0 4 _a791.4372
_223
092 _aDVD
_bSow
130 0 _aSemeur (Motion picture : 2017)
_96002899
245 1 3 _aSower/ Le semeur /
_cFilm Movement ; Les films du Worso présente ; un film de Marine Francen ; scénario, Marine Francen, Jacqueline Surchat et Jacques Fieschi ; produit par Sylvie Pialat, Benoît Quainon.
246 1 _iParallel title in English on disc label:
_aSower
257 _aFrance
_aBelgium
264 1 _a[New York, NY] :
_bFilm Movement,
_c[2019]
264 4 _c℗2019
300 _a1 videodisc (1 hr., 38 min.) :
_bsound, color,
_c4 3/4 in.
336 _atwo-dimensional moving image
337 _avideo
338 _avideodisc
340 _b4 3/4 in.
340 _dstamping
490 1 _aFilm Movement series
500 _a1:33:1 fullscreen.
500 _a5.1 surround sound or 2.0 stereo.
500 _aBased on L'homme semence by Violette Ailhaud.
500 _aOriginally released as a motion picture in 2017.
500 _aBonus short film: Les voisins (20 min.) / directed by Marine Francen.
508 _aCinematographer, Alain Duplantier ; edited by Minori Akimoto ; music by Frédéric Vercheval.
511 1 _aPauline Burlet, Geraldine Pailhas, Alban Lenoir, Iliana Zabeth, Françoise Lebrun.
520 _aIn 1851, France's autocratic President Louis-Napoleon Bonaparte has ordered the arrest of all the men of a remote mountain farming village following a Republican uprising. The women spend years in total isolation, forced to tend the crops themselves. Some women have lost their husbands; others, like the shy but inwardly strong Violette, suddenly have no chance of experiencing physical love or motherhood. The women take an oath: if a man comes, they will share him as a lover. When a mysterious and handsome stranger arrives, he ignites passions and jealousies that threaten to destroy the tight-knit community.
521 8 _aNot rated by the MPAA.
521 _aDVD
_bRecorded Books
538 _aDVD; Dolby surround; all regions.
546 _aIn French with optional English subtitles.
546 _aClosed-captioned.
650 0 _aMan-woman relationships
_zFrance
_vDrama.
_96419839
650 0 _aVillages
_zFrance
_vDrama.
_96433894
650 0 _aWomen farmers
_zFrance
_vDrama.
_96433895
655 7 _aFeature films.
_2lcgft
_96002905
655 7 _aRomance films.
_2lcgft
_95675183
655 7 _aFiction films.
_2lcgft
_95674705
655 7 _aFilm adaptations.
_2lcgft
_96002907
655 7 _aVideo recordings for the hearing impaired.
_2lcgft
_96002908
700 1 _aFrancen, Marine,
_efilm director,
_escreenwriter.
_96002910
700 1 _aSurchat, Jacqueline
_c(Screenwriter),
_escreenwriter.
_96002911
700 1 _aFieschi, Jacques,
_d1948-
_escreenwriter.
_96002913
700 1 _aPialat, Sylvie,
_efilm producer.
_96002915
700 1 _aQuainon, Benoît,
_d1981-
_efilm producer.
_96002916
700 1 _aBurlet, Pauline,
_eactor.
_96002917
700 1 _aPailhas, Géraldine,
_d1971-
_eactor.
_96002918
700 1 _aLenoir, Alban,
_d1980-
_eactor.
_96002920
700 1 _aZabeth, Iliana,
_eactor.
_96002922
700 1 _aLebrun, Françoise,
_eactor.
_96002923
700 1 _aDuplantier, Alain,
_d1964-
_edirector of photography.
_96002924
700 1 _aAkimoto, Minori,
_deditor of moving image work.
_96002925
700 1 _aVercheval, Frédéric,
_ecomposer (expression)
_96002926
700 1 _aAilhaud, Violette,
_d1835-1925.
_tHomme semence.
_96002928
710 2 _aFilm Movement (Firm),
_epublisher.
_969830
740 0 2 _aVoisins.
830 0 _aFilm Movement series.
_970219
856 4 _3recordedbooks.com
_uhttps://www.recordedbooks.com/title-details/9781980039723
856 4 _3RBMedia
_uhttp://d2cv0ie6dlin9h.cloudfront.net/DV0537/DV0537_image_148x230.jpg
942 _cDVD
_2ddc
948 _a05/20/2019
_zSirsi
999 _c319359
_d319447